| 000 | 00738nam a2200181Ia 4500 | ||
|---|---|---|---|
| 003 | GCL | ||
| 008 | 140319s9999 xx 000 0 ara d | ||
| 040 |
_aGCL / _cGCL |
||
| 082 | 0 | 4 |
_a250 _bات |
| 100 | 1 | _aابى العلا محمد عبدالرحمن ابن عبدالرحمن المباركفورى | |
| 245 | 1 | 0 |
_aتحفة الاحوذى بشرح جامع الترمذى / _cابى العلا محمد عبدالرحمن ابن عبدالرحمن المباركفورى |
| 260 |
_aبيروت : _bدار الكتب العلمية للنشر والتوزيع ، _c1990 |
||
| 300 |
_aمتعدد ؛ _c24 سم |
||
| 490 | _a | ||
| 650 | 0 | 4 | _aالشريعة الاسلامية |
| 650 | 0 | 4 | _aالفقه الاسلامى |
| 942 |
_2ddc _cBK |
||
| 999 |
_c44384 _d44384 |
||